[Event "DM Kandidatklassen 2025"]
[Site "Svendborg"]
[Date "2025.04.20"]
[Round "6"]
[White "Andersen, Thomas Klitgaard"]
[Black "Loftgaard, Mikkel Vinh"]
[Result "1/2-1/2"]
[WhiteElo "2196"]
[BlackElo "2230"]
[WhiteFideId "1408267"]
[BlackFideId "1468480"]
[EventDate "2025.04.15"]
[EventType "swiss"]
[EventRounds "7"]
[EventCountry "DEN"]
[SourceTitle "Live v. Kasper Jerwiarz"]

1. Nf3 Nf6 2. c4 e6 3. g3 b6 4. Bg2 Bb7 5. O-O Be7 6. Nc3 O-O 7. d4 Ne4 8. Nxe4 Bxe4 9. Nh4 Bxg2 10. Nxg2 d5 11. Qa4 c5 12. dxc5 bxc5 13. cxd5 exd5 14. Rd1 d4 15. e3 Nd7 16. exd4 Nb6 17. Qa6 cxd4 18. Be3 Bf6 19. Rd2 Qc8 20. Qxc8 Raxc8 21. Bxd4 Nc4 22. Rdd1 Nxb2 23. Bxb2 Bxb2 24. Rab1 Ba3 25. Rb7 Bc5 26. Nf4 Rb8 27. Rxb8 Rxb8 28. Rd2 g6 29. Rc2 Rb5 30. Nd3 Bb6 31. Kg2 Kg7 32. h4 h6 33. Re2 Kf6 34. Kf3 g5 35. hxg5+ hxg5 36. g4 Rd5 37. Nb2 Rd4 38. Rc2 Ke6 39. Nc4 Rf4+ 40. Kg3 Bxf2+ 41. Rxf2 Rxc4 42. Re2+ Kf6 43. Re3 Kg6 44. Ra3 Rc7 45. Ra6+ Kg7 46. Ra5 f6 47. Ra6 Kg6 48. a4 Kf7 49. a5 Ke7 50. Kf3 Rc3+ 51. Kg2 Ra3 52. Rxa7+ Ke6 53. Rb7 Rxa5 54. Rb3 Ke5 55. Kg3 Ra4 56. Rf3 Ra6 57. Rf5+ Ke4 58. Kg2 Rd6 59. Kg3 Ke3 60. Rf3+ Ke2 61. Rf2+ Ke1 62. Rf5 Re6 63. Kg2 Kd2 64. Kg3 Ke2 65. Kg2 Re4 66. Kg3 Re3+ 67. Kg2 Re6 68. Kg3 Ke3 69. Rf3+ Kd4 70. Rf5 Ke4 71. Kg2 Ra6 72. Kg3 Ra3+ 73. Kg2 Ra2+ 74. Kg3 Ra3+ 1/2-1/2

[Event "DM Kandidatklassen 2025"]
[Site "Svendborg"]
[Date "2025.04.20"]
[Round "6"]
[White "Hansen, Soren Bech"]
[Black "Thogersen, Rasmus"]
[Result "1-0"]
[WhiteElo "2268"]
[BlackElo "2302"]
[WhiteFideId "1400681"]
[BlackFideId "1431412"]
[EventDate "2025.04.15"]
[EventType "swiss"]
[EventRounds "7"]
[EventCountry "DEN"]
[SourceTitle "Live v. Kasper Jerwiarz"]

1. e4 c5 2. Nf3 d6 3. d4 cxd4 4. Nxd4 Nf6 5. Nc3 Nc6 6. Bg5 e6 7. Qd2 a6 8. O-O-O Bd7 9. f3 Be7 10. Kb1 Nxd4 11. Qxd4 Qc7 12. h4 h5 13. Qd2 b5 14. Ne2 Rc8 15. Nd4 e5 16. Ne2 b4 17. Rc1 O-O 18. c4 bxc3 19. Nxc3 Be6 20. Bxf6 Bxf6 21. Bxa6 Rb8 22. Nd5 Qd8 23. Nxf6+ Qxf6 24. Bc4 Rb6 25. Qg5 Rfb8 26. b3 Bxc4 27. Rxc4 Qe6 28. Rhc1 d5 29. exd5 Qxd5 30. Rc8+ Kh7 31. Qxh5+ Rh6 32. Qf5+ g6 33. Qc2 Rxc8 34. Qxc8 Rxh4 35. Qc5 Qe6 36. Re1 Rh5 37. Qc4 Qd7 38. Qc2 Kg7 39. Rd1 Qe7 40. Qc3 Qg5 41. Qd2 Qg3 42. Re1 Rh4 43. Qe2 f6 44. Rd1 Kh6 45. Kb2 Rh2 46. Rd2 Qf4 47. a4 f5 48. Rd8 Kg5 49. Qd2 e4 50. fxe4 fxe4 51. Qxf4+ Kxf4 52. Rd2 e3 53. Re2 Ke4 54. Kc3 Rh8 55. Rc2 Rc8+ 56. Kb2 Rf8 57. Rc4+ Kd3 58. Rc3+ Kd2 59. Rc2+ Ke1 60. a5 e2 61. b4 Kf1 62. Rxe2 Kxe2 63. Kc3 g5 64. a6 g4 65. b5 g3 66. b6 Rc8+ 67. Kd4 Kf2 68. b7 Rd8+ 69. Ke5 Re8+ 70. Kd6 Kxg2 71. a7 Kf1 72. a8=Q Re2 73. b8=Q Rd2+ 74. Ke6 Re2+ 75. Kf5 g2 76. Qb1+ Kf2 77. Qa7+ 1-0

[Event "DM Kandidatklassen 2025"]
[Site "Svendborg"]
[Date "2025.04.20"]
[Round "6"]
[White "Rewitz, Poul"]
[Black "Haarh, Simon Bjork"]
[Result "0-1"]
[WhiteElo "2262"]
[BlackElo "2192"]
[WhiteFideId "1401033"]
[BlackFideId "1470515"]
[EventDate "2025.04.15"]
[EventType "swiss"]
[EventRounds "7"]
[EventCountry "DEN"]
[SourceTitle "Live v. Kasper Jerwiarz"]

1. d4 Nf6 2. Nf3 d5 3. e3 e6 4. Bd3 Be7 5. Nbd2 O-O 6. O-O c5 7. c3 b6 8. e4 dxe4 9. Nxe4 Bb7 10. Nxf6+ Bxf6 11. dxc5 bxc5 12. Qe2 Nd7 13. Rd1 Qc7 14. Ng5 h6 15. Ne4 Be5 16. g3 Rad8 17. f4 Bf6 18. Nf2 Nb6 19. Be3 Be7 20. Be4 Nd5 21. Bd2 Qb6 22. Kg2 Rd7 23. c4 Nf6 24. Bxb7 Qxb7+ 25. Qf3 Qxb2 26. Nd3 Qc2 0-1

[Event "DM Kandidatklassen 2025"]
[Site "Svendborg"]
[Date "2025.04.20"]
[Round "6"]
[White "Sandmann, Villads Majvang"]
[Black "Jensen, Thore Nyboe"]
[Result "0-1"]
[WhiteElo "2291"]
[BlackElo "2084"]
[WhiteFideId "1472313"]
[BlackFideId "1405349"]
[EventDate "2025.04.15"]
[EventType "swiss"]
[EventRounds "7"]
[EventCountry "DEN"]
[SourceTitle "Live v. Kasper Jerwiarz"]

1. e4 c5 2. Nf3 g6 3. d4 cxd4 4. Nxd4 Bg7 5. c4 Nc6 6. Be3 Qb6 7. Nb5 Qd8 8. N1c3 Nf6 9. Be2 O-O 10. c5 a6 11. Na3 d6 12. cxd6 b5 13. Nc2 exd6 14. a3 Bb7 15. f3 Ne7 16. O-O d5 17. e5 Nd7 18. f4 Rc8 19. Nd4 Nb6 20. Bg4 Nc4 21. Bxc8 Nxe3 22. Qd3 Nxc8 23. Qxe3 Re8 24. Qd3 f6 25. e6 f5 26. Rfe1 Nd6 27. Rad1 Nc4 28. Re2 Qb6 29. Kh1 Nd6 30. Nf3 Ne4 31. Nxd5 Nf2+ 32. Rxf2 Qxf2 33. e7 Qc5 34. Qb3 Qc4 35. Qxc4 bxc4 36. Ng5 Bxb2 37. Nc7 Rxe7 38. Nce6 Bc6 39. Rd8+ Be8 40. Rc8 h6 0-1

[Event "DM Kandidatklassen 2025"]
[Site "Svendborg"]
[Date "2025.04.20"]
[Round "6"]
[White "Pirtac, Alexandru"]
[Black "Jorgensen, Brian Jorgen"]
[Result "1/2-1/2"]
[WhiteElo "2078"]
[BlackElo "2180"]
[WhiteFideId "13912143"]
[BlackFideId "1401548"]
[EventDate "2025.04.15"]
[EventType "swiss"]
[EventRounds "7"]
[EventCountry "DEN"]
[SourceTitle "Live v. Kasper Jerwiarz"]

1. e4 c5 2. Nf3 e6 3. d4 cxd4 4. Nxd4 Nc6 5. Nc3 Qc7 6. Be3 a6 7. g3 b5 8. Bg2 Bb7 9. O-O Nf6 10. Bf4 Ne5 11. Qe2 d6 12. a4 b4 13. Na2 Qc5 14. Rfd1 Be7 15. c3 bxc3 16. Nxc3 O-O 17. Rac1 Qa5 18. Bd2 Qd8 19. f4 Ng6 20. e5 dxe5 21. Bxb7 exd4 22. Be3 Qb6 23. Bxa8 dxe3 24. Bf3 e5 25. f5 e4 26. Nxe4 Ne5 27. Nxf6+ Qxf6 28. Qxe3 Nxf3+ 29. Qxf3 Qxb2 30. a5 Qb4 31. Rd5 h6 32. Rcd1 Rc8 33. Kh1 Bf6 34. Qd3 Rc3 35. Qe2 Ra3 36. Kg2 Kh7 37. Kh3 Rxa5 38. Rxa5 Qxa5 39. Qh5 Qb5 40. Qf3 1/2-1/2

[Event "DM Kandidatklassen 2025"]
[Site "Svendborg"]
[Date "2025.04.20"]
[Round "6"]
[White "Jarlskov, Daniel Tuk Hartso"]
[Black "Iskos, Lukas"]
[Result "1-0"]
[WhiteElo "2184"]
[BlackElo "2008"]
[WhiteFideId "1463896"]
[BlackFideId "1461613"]
[EventDate "2025.04.15"]
[EventType "swiss"]
[EventRounds "7"]
[EventCountry "DEN"]
[SourceTitle "Live v. Kasper Jerwiarz"]

1. d4 Nf6 2. c4 e6 3. Nf3 d5 4. g3 Bb4+ 5. Bd2 Be7 6. Bg2 c6 7. O-O O-O 8. Qc2 h6 9. Rd1 Nbd7 10. Bf4 a5 11. Nc3 dxc4 12. Ne4 Nd5 13. Qxc4 Nxf4 14. gxf4 Nb6 15. Qc2 Nd5 16. e3 Qe8 17. Ne5 f6 18. Nc4 Qg6 19. Qe2 b6 20. Kh1 Ba6 21. Rg1 Kh8 22. b3 Rac8 23. Qf3 Bxc4 24. bxc4 f5 25. Nd2 Nf6 26. Qe2 Qe8 27. Rab1 Bb4 28. a3 Bxa3 29. Rxb6 Qd7 30. c5 Nd5 31. Rb3 Bb4 32. Nc4 Ne7 33. Ra1 Qc7 34. Qa2 Ra8 35. Nb6 Rab8 36. Rxb4 axb4 37. Qxe6 Rfe8 38. Rb1 Nd5 39. Nxd5 cxd5 40. Qxf5 Qe7 41. Bxd5 Rf8 42. Qg6 Rf6 43. Qe4 Qc7 44. Rxb4 1-0

[Event "DM Kandidatklassen 2025"]
[Site "Svendborg"]
[Date "2025.04.20"]
[Round "6"]
[White "Abildlund, Jens"]
[Black "Saugmann, Frederik Chabert"]
[Result "1/2-1/2"]
[WhiteElo "2196"]
[BlackElo "2133"]
[WhiteFideId "1403001"]
[BlackFideId "1476122"]
[EventDate "2025.04.15"]
[EventType "swiss"]
[EventRounds "7"]
[EventCountry "DEN"]
[SourceTitle "Live v. Kasper Jerwiarz"]

1. d4 d5 2. Nf3 Nf6 3. Bf4 c5 4. e3 Nc6 5. c3 e6 6. Nbd2 Bd6 7. Bg3 O-O 8. Bd3 Re8 9. Ne5 Bxe5 10. dxe5 Nd7 11. f4 c4 12. Be2 f6 13. exf6 Qxf6 14. O-O Nc5 15. e4 b5 16. Qc2 Qg6 17. Bf3 Ne7 18. b4 cxb3 19. axb3 Bb7 20. Rfe1 Rec8 21. Bh4 dxe4 22. Bxe7 exf3 23. Qxg6 hxg6 24. gxf3 Nd3 25. Rxe6 Nxf4 26. Re5 Rxc3 1/2-1/2

[Event "DM Kandidatklassen 2025"]
[Site "Svendborg"]
[Date "2025.04.20"]
[Round "6"]
[White "Laza, Szabolcs"]
[Black "Ostergreen Johansen, Benjamin"]
[Result "1/2-1/2"]
[WhiteElo "2203"]
[BlackElo "2031"]
[WhiteFideId "741345"]
[BlackFideId "1476742"]
[EventDate "2025.04.15"]
[EventType "swiss"]
[EventRounds "7"]
[EventCountry "DEN"]
[SourceTitle "Live v. Kasper Jerwiarz"]

1. c4 e6 2. Nf3 d5 3. e3 Nf6 4. d4 Be7 5. Nc3 dxc4 6. Bxc4 a6 7. a3 b5 8. Ba2 c5 9. O-O O-O 10. Qe2 Bb7 11. Rd1 Nbd7 12. dxc5 Bxc5 13. b4 Be7 14. Bb2 Rc8 15. Rac1 Qb6 16. e4 Rfd8 17. Bb1 Bd6 18. Nd5 Bxd5 19. exd5 exd5 20. Rxc8 Rxc8 21. Bf5 Re8 22. Qc2 Ne5 23. Nxe5 Bxe5 24. Bc1 g6 25. Bd3 Qc7 26. Qxc7 Bxc7 27. a4 Ne4 28. axb5 Nc3 29. b6 Bxb6 30. Rf1 a5 31. bxa5 Bxa5 32. g3 Ne2+ 33. Kg2 Nxc1 34. Rxc1 Rd8 35. Rb1 Rd7 36. Rb5 Bc3 37. Kf3 Kg7 38. Rb3 Bd4 39. Ra3 Rd6 40. Ra2 Rf6+ 41. Kg2 Kf8 42. Ba6 Bb6 43. Re2 Re6 44. Rxe6 fxe6 45. f4 Ke7 1/2-1/2

[Event "DM Kandidatklassen 2025"]
[Site "Svendborg"]
[Date "2025.04.20"]
[Round "6"]
[White "Stovring, Claus"]
[Black "Slavensky, Asbjorn Vesterkaer"]
[Result "1/2-1/2"]
[WhiteElo "2038"]
[BlackElo "2079"]
[WhiteFideId "1406914"]
[BlackFideId "1470094"]
[EventDate "2025.04.15"]
[EventType "swiss"]
[EventRounds "7"]
[EventCountry "DEN"]
[SourceTitle "Live v. Kasper Jerwiarz"]

1. e4 c5 2. Nf3 d6 3. Bb5+ Bd7 4. Bxd7+ Nxd7 5. O-O e6 6. c3 Ngf6 7. Re1 Be7 8. d4 O-O 9. e5 dxe5 10. dxe5 Nd5 11. c4 Nb4 12. a3 Nc6 13. Nc3 a6 14. Bf4 Qc7 15. Qe2 Nd4 16. Qe4 Nb6 17. Ne2 Nxf3+ 18. gxf3 Rfd8 19. Be3 Rd7 20. Ng3 Rad8 21. Nh5 Rd4 22. Bxd4 Rxd4 23. Qe2 Nxc4 24. Rac1 b5 25. b3 Nb6 26. Red1 Qd8 27. Rxd4 Qxd4 28. Rd1 Qc3 29. f4 Nd5 30. Qg4 g6 31. Rxd5 exd5 32. Qc8+ Bf8 33. Nf6+ Kg7 34. Nd7 Be7 35. Qe8 Qc1+ 36. Kg2 Qxf4 37. Qxe7 Qg4+ 38. Kf1 Qd1+ 39. Kg2 1/2-1/2

[Event "DM Kandidatklassen 2025"]
[Site "Svendborg"]
[Date "2025.04.20"]
[Round "6"]
[White "Veiergang, Oscar Jacob"]
[Black "Wahlgreen, Noah Krug"]
[Result "0-1"]
[WhiteElo "2156"]
[BlackElo "2076"]
[WhiteFideId "1470183"]
[BlackFideId "1457349"]
[EventDate "2025.04.15"]
[EventType "swiss"]
[EventRounds "7"]
[EventCountry "DEN"]
[SourceTitle "Live v. Kasper Jerwiarz"]

1. e4 c6 2. d4 d5 3. f3 dxe4 4. fxe4 e5 5. Nf3 Bg4 6. c3 Nd7 7. Be2 Bd6 8. O-O Ngf6 9. Nbd2 O-O 10. Qc2 Qc7 11. h3 Bh5 12. Nc4 Rae8 13. Bg5 exd4 14. Bxf6 Nxf6 15. e5 Bxf3 16. exd6 Rxe2 17. Qxe2 Bxe2 18. dxc7 Bxc4 19. Rf4 Be6 20. Rxd4 Nd5 0-1

[Event "DM Kandidatklassen 2025"]
[Site "Svendborg"]
[Date "2025.04.20"]
[Round "6"]
[White "Petersen, Steen Brustrup"]
[Black "Yildiz, Hasan"]
[Result "0-1"]
[WhiteElo "2106"]
[BlackElo "1974"]
[WhiteFideId "1402706"]
[BlackFideId "1435086"]
[EventDate "2025.04.15"]
[EventType "swiss"]
[EventRounds "7"]
[EventCountry "DEN"]
[SourceTitle "Live v. Kasper Jerwiarz"]

1. e4 d6 2. d4 Nf6 3. Nc3 g6 4. f4 Bg7 5. Nf3 Bg4 6. h3 Bxf3 7. Qxf3 Nfd7 8. Be3 e5 9. dxe5 dxe5 10. f5 Nc6 11. Bc4 gxf5 12. Qh5 O-O 13. Qxf5 Nd4 14. Qf2 c6 15. a4 Qe7 16. O-O Nc5 17. Rab1 a5 18. b3 Rad8 19. Kh1 Rd6 20. Rbc1 Bh6 21. Bxh6 Rxh6 22. Qe3 Qh4 23. Rf2 Rg6 24. Rcf1 Rg3 25. Qe1 Rxc3 26. Rxf7 Rxh3+ 27. gxh3 Qxh3+ 28. Kg1 Rxf7 29. Rxf7 Nce6 30. Rf2 Kh8 31. Qf1 Qe3 32. Qg2 Ng5 33. Kf1 Qc1# 0-1

[Event "DM Kandidatklassen 2025"]
[Site "Svendborg"]
[Date "2025.04.20"]
[Round "6"]
[White "Hansen, Per"]
[Black "Thuesen, Mogens Henrik"]
[Result "1/2-1/2"]
[WhiteElo "2089"]
[BlackElo "2205"]
[WhiteFideId "1407520"]
[BlackFideId "1400878"]
[EventDate "2025.04.15"]
[EventType "swiss"]
[EventRounds "7"]
[EventCountry "DEN"]
[SourceTitle "Live v. Kasper Jerwiarz"]

1. d4 d5 2. Nc3 Nf6 3. Bf4 c5 4. e3 Qa5 5. Bxb8 Rxb8 6. Bb5+ Bd7 7. Bxd7+ Nxd7 8. dxc5 e6 9. Qd4 Qxc5 10. O-O-O Be7 11. Qxc5 Nxc5 12. Nf3 b5 13. Nd2 Bf6 14. Nb3 Nxb3+ 15. axb3 O-O 16. f4 Rfc8 17. Ne2 a5 18. Nd4 a4 19. Rd3 Ra8 20. Kd2 b4 21. bxa4 1/2-1/2

[Event "DM Kandidatklassen 2025"]
[Site "Svendborg"]
[Date "2025.04.20"]
[Round "6"]
[White "Sorensen, Reto Utiger"]
[Black "Derlich, Sarah Sima"]
[Result "1-0"]
[WhiteElo "2104"]
[BlackElo "2002"]
[WhiteFideId "1426664"]
[BlackFideId "1469290"]
[EventDate "2025.04.15"]
[EventType "swiss"]
[EventRounds "7"]
[EventCountry "DEN"]
[SourceTitle "Live v. Kasper Jerwiarz"]

1. c4 e6 2. g3 d5 3. Nf3 Nf6 4. Bg2 Bd6 5. O-O O-O 6. b3 Nc6 7. Bb2 d4 8. Nxd4 Nxd4 9. Bxd4 Bxg3 10. hxg3 Qxd4 11. Na3 c6 12. Nc2 Qd6 13. d4 e5 14. d5 cxd5 15. cxd5 e4 16. Ne3 b5 17. Rc1 Bb7 18. Qd4 Rfe8 19. Rfd1 a6 20. b4 g6 21. Rc5 Rad8 22. Bh3 Nd7 23. Bxd7 Rxd7 24. Ng4 Red8 25. Nf6+ Kf8 26. Nxe4 Qb6 27. d6 f6 28. Qxf6+ Kg8 29. Qe6+ Kf8 30. Ng5 Kg7 31. Rd4 h6 32. Qe5+ Kg8 33. Ne6 Re8 34. Qf6 1-0

[Event "DM Kandidatklassen 2025"]
[Site "Svendborg"]
[Date "2025.04.21"]
[Round "7"]
[White "Le Besq, Alexander"]
[Black "Medhus, Vitus Bondo"]
[Result "0-1"]
[WhiteElo "2256"]
[BlackElo "2329"]
[WhiteFideId "1437089"]
[BlackFideId "1462547"]
[EventDate "2025.04.15"]
[EventType "swiss"]
[EventRounds "7"]
[EventCountry "DEN"]
[SourceTitle "Live v. Kasper Jerwiarz"]

1. e4 e5 2. Nf3 Nc6 3. Bb5 Nf6 4. O-O Nxe4 5. Re1 Nd6 6. Nxe5 Be7 7. Bf1 Nxe5 8. Rxe5 O-O 9. d4 Bf6 10. Re1 Re8 11. d5 b6 12. Bd3 Bb7 13. c4 Rxe1+ 14. Qxe1 Qe8 15. Qxe8+ Rxe8 16. Kf1 c6 17. dxc6 dxc6 18. Na3 Rd8 19. Nc2 Ba6 20. Na3 Nb7 21. Be2 c5 22. Rb1 Na5 23. Nb5 Bc8 24. g4 a6 25. Nc3 Be6 26. Nd5 Nxc4 27. Nxf6+ gxf6 28. Ke1 Ne5 29. Bxa6 Nf3+ 30. Ke2 Bxg4 31. Ke3 Bf5 32. Ra1 Nd4 33. Kf4 Bg6 34. Be3 Nc2 35. Rc1 Ra8 36. Bc4 Ra4 37. b3 Rxa2 38. Rd1 Ra8 39. Rd6 Rb8 40. Bc1 b5 41. Bd5 Nb4 42. Be3 Rc8 43. Bd2 Nd3+ 44. Kg3 c4 45. bxc4 bxc4 46. Bb7 Nc5 47. Bxc8 Ne4+ 48. Kf4 Nxd6 49. Ba6 Ne4 50. Bc1 c3 51. Ke3 Kg7 52. f3 Nc5 53. Bc4 c2 54. Kd2 Bf5 55. Ba3 Nd7 56. f4 Kg6 57. Bb3 Kh5 58. Bxf7+ Kg4 59. Bd6 Kh3 60. Bb3 Kxh2 61. Be6 Bxe6 62. f5+ Kg2 63. fxe6 Nb6 64. Kxc2 Nc8 65. Bc7 h5 66. Kd3 h4 67. Ke4 h3 68. Kf5 Ne7+ 69. Kxf6 Nd5+ 70. Ke5 Nxc7 71. e7 h2 72. Kd6 Ne8+ 73. Kd7 Ng7 0-1

[Event "DM Kandidatklassen 2025"]
[Site "Svendborg"]
[Date "2025.04.21"]
[Round "7"]
[White "Jalving, August"]
[Black "Matthiesen, Martin"]
[Result "1-0"]
[WhiteElo "2142"]
[BlackElo "2304"]
[WhiteFideId "1471759"]
[BlackFideId "1404067"]
[EventDate "2025.04.15"]
[EventType "swiss"]
[EventRounds "7"]
[EventCountry "DEN"]
[SourceTitle "Live v. Kasper Jerwiarz"]

1. e4 c6 2. Nc3 d5 3. Nf3 Bg4 4. h3 Bxf3 5. Qxf3 e6 6. Be2 Bc5 7. O-O Ne7 8. exd5 cxd5 9. Na4 Bd6 10. d4 Nbc6 11. c3 Qc7 12. b4 O-O 13. Qd3 e5 14. dxe5 Bxe5 15. Be3 Rfd8 16. Rac1 Bf6 17. Qb1 Qe5 18. Rfe1 Ng6 19. Nc5 Rab8 20. Bg4 Qd6 21. Red1 Qc7 22. Qb3 Nge7 23. Bf3 Qe5 24. Qa3 Bg5 25. Nd3 Qf6 26. Bxg5 Qxg5 27. b5 Nf5 28. bxc6 bxc6 29. Bg4 Nh4 30. g3 Ng6 31. Bf3 h5 32. Qxa7 Ra8 33. Qe3 Qf5 34. Bg2 Rxa2 35. Qf3 Qe6 36. Qxh5 Qd6 37. Nb4 Rb2 38. Rb1 Rxb1 39. Rxb1 Ne5 40. Re1 Re8 41. Nd3 g6 42. Qe2 1-0

[Event "DM Kandidatklassen 2025"]
[Site "Svendborg"]
[Date "2025.04.21"]
[Round "7"]
[White "Ramsdal, Jens Albert"]
[Black "Andersen, Thomas Klitgaard"]
[Result "1-0"]
[WhiteElo "2342"]
[BlackElo "2196"]
[WhiteFideId "1429221"]
[BlackFideId "1408267"]
[EventDate "2025.04.15"]
[EventType "swiss"]
[EventRounds "7"]
[EventCountry "DEN"]
[SourceTitle "Live v. Kasper Jerwiarz"]

1. Nf3 d5 2. e3 Nf6 3. b3 e6 4. Bb2 Bd6 5. c4 O-O 6. Nc3 Re8 7. Nb5 Bf8 8. Be5 Na6 9. Qc2 c6 10. Nc3 Bd6 11. d4 Bxe5 12. dxe5 Nd7 13. h4 Nb4 14. Qb1 dxc4 15. a3 Nd5 16. Ne4 cxb3 17. Bd3 Qa5+ 18. Kf1 Nxe5 19. Nxe5 Nxe3+ 20. fxe3 Qxe5 21. Ng5 f5 22. Nf3 Qxe3 23. Qxb3 Kh8 24. Re1 Qf4 25. Kf2 b5 26. g3 Qc7 27. Bxf5 c5 28. Be4 Rb8 29. Qc2 Bb7 30. Kg2 c4 31. Rhf1 Bxe4 32. Qxe4 h6 33. Ne5 Qb7 34. Nf7+ Kg8 35. Qxb7 Rxb7 36. Nd6 1-0

[Event "DM Kandidatklassen 2025"]
[Site "Svendborg"]
[Date "2025.04.21"]
[Round "7"]
[White "Hansen, Lars"]
[Black "Hansen, Soren Bech"]
[Result "0-1"]
[WhiteElo "2188"]
[BlackElo "2268"]
[WhiteFideId "1402528"]
[BlackFideId "1400681"]
[EventDate "2025.04.15"]
[EventType "swiss"]
[EventRounds "7"]
[EventCountry "DEN"]
[SourceTitle "Live v. Kasper Jerwiarz"]

1. Nf3 d5 2. e3 e6 3. c4 Nf6 4. b3 Bd6 5. Bb2 O-O 6. Nc3 Re8 7. Nb5 Be7 8. Be5 Na6 9. Be2 c6 10. Nc3 Nc5 11. Qc2 Ncd7 12. Bg3 Nf8 13. Ne5 N6d7 14. cxd5 Nxe5 15. dxe6 Bd6 16. f4 Rxe6 17. fxe5 Bxe5 18. Bxe5 Rxe5 19. O-O Qg5 20. Rf4 Bh3 21. Bf3 Bf5 22. Be4 Bxe4 23. Nxe4 Qg6 24. Qc4 Qe6 25. Nf2 Rd8 26. Rd1 Qe7 27. Rd4 Red5 28. Rxd5 Rxd5 29. Qe4 Qd7 30. d4 c5 31. Qh4 Ne6 32. Rc1 cxd4 33. exd4 Rxd4 34. Qg3 h5 35. h3 Nf4 36. Re1 g6 37. Ne4 Qf5 38. Nf2 Rd2 39. Re8+ Kh7 40. Kh2 Ne2 41. Qb8 Qxf2 42. Rh8+ Kg7 43. Rg8+ Kf6 44. Rxg6+ Kxg6 45. Qg8+ Kf6 46. Qh8+ Ke7 47. Qe5+ Kd7 48. Qb5+ Kc7 49. Qe5+ Rd6 50. Qe7+ Kc8 0-1

[Event "DM Kandidatklassen 2025"]
[Site "Svendborg"]
[Date "2025.04.21"]
[Round "7"]
[White "Loftgaard, Mikkel Vinh"]
[Black "Durrfeld, Sofie Bech"]
[Result "0-1"]
[WhiteElo "2230"]
[BlackElo "1989"]
[WhiteFideId "1468480"]
[BlackFideId "1451324"]
[EventDate "2025.04.15"]
[EventType "swiss"]
[EventRounds "7"]
[EventCountry "DEN"]
[SourceTitle "Live v. Kasper Jerwiarz"]

1. e4 c5 2. Nf3 g6 3. c3 d5 4. exd5 Qxd5 5. d4 Bg7 6. Be2 cxd4 7. cxd4 Nf6 8. Nc3 Qd6 9. O-O O-O 10. Bg5 Nc6 11. d5 Nb4 12. Bc4 Bf5 13. a3 Rfc8 14. Bb3 Nd3 15. Nd4 Ng4 16. Nf3 Nxb2 17. Nb5 Qc5 0-1

[Event "DM Kandidatklassen 2025"]
[Site "Svendborg"]
[Date "2025.04.21"]
[Round "7"]
[White "Laursen, Christopher Hofman"]
[Black "Jensen, Thore Nyboe"]
[Result "1-0"]
[WhiteElo "2248"]
[BlackElo "2084"]
[WhiteFideId "1405233"]
[BlackFideId "1405349"]
[EventDate "2025.04.15"]
[EventType "swiss"]
[EventRounds "7"]
[EventCountry "DEN"]
[SourceTitle "Live v. Kasper Jerwiarz"]

1. Nf3 c5 2. b4 cxb4 3. a3 e6 4. e4 Nf6 5. e5 Nd5 6. axb4 Bxb4 7. c4 Nc7 8. Ba3 Qe7 9. Bd3 Nc6 10. O-O b6 11. Be4 Bb7 12. Qa4 Bxa3 13. Nxa3 O-O 14. d4 Rfd8 15. d5 Qb4 16. Qc2 Na5 17. Bxh7+ Kf8 18. d6 Ne8 19. Be4 a6 20. Bxb7 Nxb7 21. Qh7 Nbxd6 22. exd6 Qxd6 23. Qh5 Nf6 24. Qe5 Qxe5 25. Nxe5 Rdc8 26. Rab1 Rab8 27. Rfc1 d6 28. Nd3 Nd7 29. Nb4 Ra8 30. Rc2 Nc5 31. Rd1 Ke7 32. f3 Rc7 33. Re2 Kf6 1-0

[Event "DM Kandidatklassen 2025"]
[Site "Svendborg"]
[Date "2025.04.21"]
[Round "7"]
[White "Thogersen, Rasmus"]
[Black "Pirtac, Alexandru"]
[Result "0-1"]
[WhiteElo "2302"]
[BlackElo "2078"]
[WhiteFideId "1431412"]
[BlackFideId "13912143"]
[EventDate "2025.04.15"]
[EventType "swiss"]
[EventRounds "7"]
[EventCountry "DEN"]
[SourceTitle "Live v. Kasper Jerwiarz"]

1. e4 c5 2. Nc3 e6 3. Nf3 Nc6 4. d4 cxd4 5. Nxd4 Nf6 6. Nxc6 bxc6 7. e5 Nd5 8. Ne4 Qc7 9. f4 Qb6 10. c4 Bb4+ 11. Ke2 Ba6 12. Kf3 f5 13. exf6 Nxf6 14. c5 Qa5 15. Nxf6+ gxf6 16. Bxa6 Qxa6 17. Qd4 Qb5 18. Be3 O-O-O 19. a3 Ba5 20. b4 Bc7 21. Qxf6 e5 22. Rhd1 exf4 23. Bd4 Rhf8 24. Qh6 Rde8 25. Rd2 Qc4 26. Rad1 Qd5+ 27. Kf2 f3 28. g3 Rf7 29. Be3 Qc4 30. Rd3 Rfe7 31. R1d2 Qc1 32. Qh3 Kb7 33. Kxf3 Qe1 34. Bg5 Rf7+ 35. Bf4 Bxf4 36. gxf4 Qe4+ 37. Kf2 Qxf4+ 38. Kg2 Rg8+ 0-1

[Event "DM Kandidatklassen 2025"]
[Site "Svendborg"]
[Date "2025.04.21"]
[Round "7"]
[White "Saugmann, Frederik Chabert"]
[Black "Rewitz, Poul"]
[Result "0-1"]
[WhiteElo "2133"]
[BlackElo "2262"]
[WhiteFideId "1476122"]
[BlackFideId "1401033"]
[EventDate "2025.04.15"]
[EventType "swiss"]
[EventRounds "7"]
[EventCountry "DEN"]
[SourceTitle "Live v. Kasper Jerwiarz"]

1. d4 d5 2. c4 e5 3. dxe5 d4 4. Nf3 Nc6 5. a3 a5 6. Nbd2 Nge7 7. Nb3 Nf5 8. e4 dxe3 9. Qxd8+ Kxd8 10. Bxe3 Nxe3 11. fxe3 g6 12. Nbd4 Bg4 13. Be2 Bg7 14. Nxc6+ bxc6 15. O-O-O+ Ke7 16. h3 Bd7 17. Rhf1 Bh6 18. Rd3 Bf5 19. Rc3 Rhd8 20. g4 Be6 21. c5 a4 22. Kc2 Bb3+ 23. Kb1 Bd5 24. Nd4 Bg2 25. Rf2 Be4+ 26. Ka1 Rd7 27. Bf3 Bxf3 28. Rxf3 Ra6 29. Rxf7+ Kxf7 30. e6+ Ke7 31. exd7 Kxd7 32. Rd3 Bf8 33. Kb1 Ra8 34. Rc3 Re8 35. Nf3 Bh6 36. Rd3+ Kc8 37. Nd4 Rd8 38. Kc2 Rd5 39. b4 Bxe3 40. Nxc6 Rxd3 41. Kxd3 Bc1 42. Kc4 Kd7 43. Kb5 Bxa3 44. Na5 Bc1 45. Kxa4 c6 46. Kb3 h5 47. Kc4 Bd2 48. Nb3 Bf4 49. Nd4 hxg4 50. hxg4 Bb8 51. b5 cxb5+ 52. Kxb5 Bg3 53. Kc4 Ke7 54. Kd5 Kf6 55. Ke4 Bh2 56. c6 Ke7 57. Kd5 Bg3 58. Nf3 Kf6 59. Kc5 Ke6 60. Ng5+ Ke7 61. Kb6 Kd8 62. Kb7 Bh2 63. Nf3 Bg3 64. Nh4 Ke7 65. c7 Bxc7 66. Kxc7 Ke6 67. Nf3 Kd5 68. Kd7 Ke4 69. Ke6 Kxf3 70. g5 Kg4 71. Kf6 Kh5 72. Ke6 Kxg5 73. Ke5 Kg4 74. Ke4 g5 75. Ke3 Kg3 76. Ke4 g4 77. Ke3 Kh2 0-1

[Event "DM Kandidatklassen 2025"]
[Site "Svendborg"]
[Date "2025.04.21"]
[Round "7"]
[White "Jorgensen, Brian Jorgen"]
[Black "Sandmann, Villads Majvang"]
[Result "1-0"]
[WhiteElo "2180"]
[BlackElo "2291"]
[WhiteFideId "1401548"]
[BlackFideId "1472313"]
[EventDate "2025.04.15"]
[EventType "swiss"]
[EventRounds "7"]
[EventCountry "DEN"]
[SourceTitle "Live v. Kasper Jerwiarz"]

1. c4 e5 2. Nc3 Bb4 3. Qc2 Nf6 4. Nf3 d6 5. Qa4+ Nc6 6. Nd5 Bc5 7. b4 Bb6 8. Nxb6 cxb6 9. b5 Ne7 10. g3 Ne4 11. Bb2 Nc5 12. Qb4 O-O 13. Bg2 f6 14. d4 Ne6 15. O-O Qc7 16. e4 Rd8 17. Rfd1 Ng6 18. Rac1 Bd7 19. Rd2 Be8 20. Bf1 Bf7 21. Rcd1 Rac8 22. Ba3 Nef8 23. h4 Ne6 24. Be2 Ngf8 25. Kg2 Bg6 26. Qb1 Bh5 27. dxe5 dxe5 28. Rxd8 Rxd8 29. Rxd8 Qxd8 30. Ng1 Bxe2 31. Nxe2 Qd2 32. Kf1 Nc5 33. Bb4 Qd7 34. Kg2 Nfe6 35. f3 Nd4 36. Nc3 Nce6 37. Nd5 Kf7 38. Qb2 Qc8 39. Ne3 a6 40. a4 axb5 41. axb5 h5 42. Qa2 g5 43. Nf5 Nxf5 44. exf5 Nd4 45. g4 hxg4 46. fxg4 gxh4 47. Kh3 Nf3 48. c5+ Kg7 49. Qd5 Ng5+ 50. Kh2 bxc5 51. Bxc5 Qc7 52. b6 Qf7 53. Qxf7+ Kxf7 54. Kg2 Ke8 55. Bf2 h3+ 56. Kh2 e4 57. Be3 Nf3+ 58. Kxh3 Ne5 59. Kg3 Nd3 60. g5 fxg5 61. Kg4 Ne5+ 62. Kxg5 Nd7 63. Kf4 Kf7 64. Kxe4 Nf6+ 65. Kf3 Ke8 66. Bd4 Nd5 67. Ke4 Ne7 68. Bc5 Nc6 69. Kd5 Kd7 70. Bf2 Ne7+ 71. Ke5 Ng8 72. Bh4 Kc6 73. Bd8 Kd7 74. Bg5 Ke8 75. Kd6 1-0